| 000 | 00800 a2200229 4500 | ||
|---|---|---|---|
| 999 |
_c6813 _d6813 |
||
| 020 | _a9781933253091 (pbk. : alk. paper) | ||
| 050 | 0 | 0 | _aAM133 DIN 2007 |
| 245 | 0 | 4 |
_aThe digital museum : _ba think guide / _cedited by Herminia Din and Phyllis Hecht. |
| 264 |
_aWashington DC: _bAmerican Association of Museums, _c2007 |
||
| 300 |
_a223 p. : _bill. ; |
||
| 500 | _aIncludes index | ||
| 504 | _aIncludes bibliographical references and index. | ||
| 650 | 0 |
_aMuseums _xData processing. |
|
| 650 | 0 |
_aMuseums _xComputer network resources. |
|
| 650 | 0 |
_aMuseums _xTechnological innovations. |
|
| 650 | 0 | _aMuseum techniques. | |
| 650 | 0 | _aDigital electronics | |
| 650 | 0 | _aDigital preservation. | |
| 700 | 1 |
_aDin, Herminia, _d1968- |
|
| 700 | 1 |
_aHecht, Phyllis, _d1951- |
|
| 942 |
_2lcc _cBK _h133 _iDIN _kAM |
||